[Event "Wch U20 Girls 38th"]
[Site "Cala Gonone"]
[Date "2022.10.15"]
[Round "5"]
[White "Aubert, Estee"]
[Black "Popovic, Mateja"]
[Result "1-0"]
[WhiteElo "2019"]
[BlackElo "1718"]
[PlyCount "125"]
[EventDate "2022.10.12"]
[EventType "swiss"]
[EventRounds "11"]
[EventCountry "ITA"]
[SourceTitle "CBM 210 Extra"]
[Source "ChessBase"]
[SourceDate "2022.11.30"]
[SourceVersion "1"]
[SourceVersionDate "2022.11.30"]
[SourceQuality "1"]

1. d4 d5 2. c4 e6 3. Nc3 Nf6 4. cxd5 exd5 5. Bg5 Be7 6. Qc2 Nbd7 7. e3 c6 8. Bd3 0-0 9. Nge2 Re8 10. 0-0 h6 11. Bh4 Ne4 12. Bxe7 Qxe7 13. Rae1 Ndf6 14. f3 Nxc3 15. Nxc3 Be6 16. a3 Rad8 17. Qa4 a6 18. Qa5 Qd6 19. Na4 Nd7 20. Rc1 b5 21. Nb6 Qc7 22. Nc4 Rc8 23. Qxc7 Rxc7 24. Nd6 Rd8 25. e4 c5 26. dxc5 Rxc5 27. f4 dxe4 28. Nxe4 Rxc1 29. Rxc1 Nb6 30. Nc5 Bc4 31. Be4 Rd4 32. Re1 a5 33. g3 a4 34. Bc6 g6 35. Ne4 Nd5 36. Bxd5 Bxd5 37. Nc3 Bc4 38. Rd1 Rxd1+ 39. Nxd1 Kf8 40. Kf2 Ke7 41. Ke3 Kd6 42. Kd4 f6 43. Ne3 Be6 44. g4 g5 45. fxg5 hxg5 46. h3 Kc6 47. Nd1 Bd5 48. Ne3 Be6 49. Nf1 Bd5 50. Ng3 Bg2 51. Nh5 f5 52. gxf5 Bxh3 53. Ng3 Bg2 54. Ke5 Bd5 55. f6 Kc5 56. Ne4+ Kc4 57. Nd2+ Kc5 58. Ne4+ Kc4 59. Nd6+ Kc5 60. Nxb5 g4 61. Nc3 g3 62. Nxd5 g2 63. f7 1-0

[Event "Wch U20 Girls 38th"]
[Site "Cala Gonone"]
[Date "2022.10.13"]
[Round "2"]
[White "Kurmangaliyeva, Liya"]
[Black "Aubert, Estee"]
[Result "0-1"]
[WhiteElo "2199"]
[BlackElo "2019"]
[PlyCount "66"]
[EventDate "2022.10.12"]
[EventType "swiss"]
[EventRounds "11"]
[EventCountry "ITA"]
[SourceTitle "CBM 210 Extra"]
[Source "ChessBase"]
[SourceDate "2022.11.30"]
[SourceVersion "1"]
[SourceVersionDate "2022.11.30"]
[SourceQuality "1"]

1. e4 e6 2. d4 d5 3. e5 c5 4. c3 Nc6 5. Nf3 Bd7 6. Be2 Nge7 7. 0-0 Nf5 8. dxc5 Bxc5 9. Bd3 Nfe7 10. Re1 Ng6 11. g3 f5 12. exf6 Qxf6 13. Bg5 Qf7 14. Bxg6 Qxg6 15. Qxd5 0-0 16. Qxc5 Rxf3 17. c4 b6 18. Qd6 Rd3 19. Qf4 Nd4 20. Be7 Nf3+ 21. Kf1 e5 22. Rxe5 Bh3+ 23. Ke2 Nd4+ 24. Ke1 Nf3+ 25. Ke2 Nxe5 26. Qxe5 Bg4+ 27. f3 Bxf3+ 28. Kf2 Bb7 29. Nc3 Qf7+ 30. Kg1 Qf3 31. Nd5 Rxd5 32. Qe6+ Kh8 33. Rf1 Rd1 0-1

[Event "Trophee Roza Lallemand Online"]
[Site "Tornelo INT"]
[Date "2020.12.13"]
[Round "1"]
[White "Aubert, Estee"]
[Black "Denis, Monique"]
[Result "1-0"]
[WhiteElo "2013"]
[BlackElo "1442"]
[PlyCount "153"]
[EventDate "2020.12.13"]
[EventType "swiss (rapid)"]
[EventRounds "9"]
[EventCountry "USA"]
[SourceTitle "EXT 2022"]
[Source "ChessBase"]
[SourceDate "2021.10.06"]
[SourceVersion "1"]
[SourceVersionDate "2021.10.06"]
[SourceQuality "1"]

1. d4 d5 2. Bf4 Nc6 3. c4 dxc4 4. e3 h6 5. Bxc4 a6 6. Nc3 e6 7. Nf3 Nf6 8. 0-0 Bd6 9. Ne5 0-0 10. Qf3 Bxe5 11. dxe5 Nh7 12. Qg4 Kh8 13. Rad1 Qe7 14. Qh5 f5 15. exf6 Qxf6 16. Bxc7 b5 17. Bd3 Bb7 18. Rd2 Rac8 19. Bf4 b4 20. Ne4 Qe7 21. Bd6 Qf7 22. Qg4 Rg8 23. Nc5 Nf6 24. Qxe6 Qxe6 25. Nxe6 Nd8 26. Nf8 Be4 27. Bxa6 Rc6 28. Bxb4 Nd5 29. Bd3 Bxd3 30. Rxd3 Nxb4 31. Rxd8 Rf6 32. Rb8 Nd3 33. Nd7 Rxb8 34. Nxb8 Rb6 35. Nd7 Rxb2 36. a4 Ra2 37. Rd1 Nxf2 38. Rf1 Ng4 39. Rf8+ Kh7 40. Ra8 Nxe3 41. a5 Rxg2+ 42. Kh1 Ra2 43. h3 Nf5 44. a6 Ng3+ 45. Kg1 Ne4 46. a7 Nd6 47. Nf8+ Kg8 48. Ne6+ Kf7 49. Nd8+ Kg6 50. Nc6 Nb5 51. Kh1 Ra1+ 52. Kg2 Ra2+ 53. Kg3 Ra3+ 54. Kg2 Ra2+ 55. Kg3 Ra3+ 56. Kf4 Ra4+ 57. Ke5 Ra5 58. Nxa5 Kh5 59. Nc6 g5 60. Rb8 Nxa7 61. Nxa7 Kh4 62. Rb3 h5 63. Nc6 g4 64. hxg4 hxg4 65. Kf4 g3 66. Rxg3 Kh5 67. Kf5 Kh6 68. Kf6 Kh5 69. Ne5 Kh4 70. Rg4+ Kh3 71. Kf5 Kh2 72. Kf4 Kh3 73. Kf3 Kh2 74. Rg3 Kh1 75. Kf2 Kh2 76. Nf3+ Kh1 77. Rh3# 1-0

[Event "Trophee Roza Lallemand Online"]
[Site "Tornelo INT"]
[Date "2020.12.13"]
[Round "6"]
[White "Dornbusch, Tatiana"]
[Black "Aubert, Estee"]
[Result "0-1"]
[WhiteElo "2249"]
[BlackElo "2013"]
[PlyCount "130"]
[EventDate "2020.12.13"]
[EventType "swiss (rapid)"]
[EventRounds "9"]
[EventCountry "USA"]
[SourceTitle "EXT 2022"]
[Source "ChessBase"]
[SourceDate "2021.10.06"]
[SourceVersion "1"]
[SourceVersionDate "2021.10.06"]
[SourceQuality "1"]

1. d4 d5 2. c4 dxc4 3. Nf3 Nf6 4. e3 a6 5. Bxc4 b5 6. Bb3 Bb7 7. 0-0 e6 8. Qe2 Nbd7 9. Rd1 Be7 10. Nc3 0-0 11. a3 c5 12. e4 b4 13. e5 bxc3 14. exf6 Bxf6 15. bxc3 Qc7 16. Bb2 Rac8 17. Rac1 c4 18. Bc2 Nb6 19. a4 Nd5 20. Qd2 Nf4 21. Ne1 Bg5 22. Kh1 Nxg2 23. Qxg5 Nxe1+ 24. f3 Nxf3 25. Qg3 Nxh2+ 26. Kxh2 Qa5 27. Ba3 Rfd8 28. Qh3 h6 29. Rg1 Rd5 30. Bd1 Kh7 31. Qg3 Rg5 32. Qf2 Qc7+ 33. Kh3 Rxg1 34. Qxg1 Qf4 35. Bc2+ Kh8 36. Qg3 Qf6 37. Kh2 Rd8 38. Rg1 Rd5 39. Qg4 Rg5 40. Qh4 Rxg1 41. Qxf6 Rh1+ 42. Kg3 gxf6 43. Be7 Kg8 44. Bxf6 Rc1 45. Be4 Bxe4 46. Kf4 Bb1 47. Ke5 Rxc3 48. Kd6 Rd3 49. Ke7 h5 50. Be5 h4 51. Bf6 h3 52. Be5 Rd2 53. Bf4 Rf2 54. Bg3 Rg2 55. Be5 h2 56. Bxh2 Rxh2 57. a5 c3 58. d5 exd5 59. Kd6 c2 60. Kd7 c1Q 61. Kd6 Qa3+ 62. Kc7 Qc5+ 63. Kb7 Rb2+ 64. Ka8 Qc8+ 65. Ka7 Qb7# 0-1

[Event "Wch FIDE Online U18 Girls Europe qual"]
[Site "Tornelo INT"]
[Date "2020.12.09"]
[Round "7"]
[White "Mihailidou, Magdalini"]
[Black "Aubert, Estee"]
[Result "1-0"]
[WhiteElo "1521"]
[BlackElo "1817"]
[PlyCount "59"]
[EventDate "2020.12.07"]
[EventType "swiss (rapid)"]
[EventRounds "7"]
[EventCountry "ISS"]
[SourceTitle "EXT 2022"]
[Source "ChessBase"]
[SourceDate "2021.10.06"]
[SourceVersion "1"]
[SourceVersionDate "2021.10.06"]
[SourceQuality "1"]

1. e4 c5 2. Nf3 e6 3. d4 cxd4 4. Nxd4 Nf6 5. Nc3 Nc6 6. Ndb5 Bb4 7. Nd6+ Ke7 8. Nxc8+ Rxc8 9. Bd2 Re8 10. Bd3 Kf8 11. 0-0 Ne5 12. f4 Nc4 13. Bxc4 Rxc4 14. e5 Bxc3 15. Bxc3 Qb6+ 16. Kh1 Ne4 17. Qd3 d5 18. exd6 Nxd6 19. Qxh7 f6 20. Rad1 Ne4 21. Rd7 Re7 22. Rxe7 Kxe7 23. Qxg7+ Ke8 24. Bxf6 Nxf6 25. Qxf6 Qe3 26. Rd1 Qb6 27. Qg6+ Kf8 28. Rd7 Rxf4 29. Qg7+ Ke8 30. Qe7# 1-0

[Event "Europe Echecs online op April"]
[Site "Europe Echecs INT"]
[Date "2020.04.11"]
[Round "2"]
[White "Migot, Tangi"]
[Black "Aubert, Estee"]
[Result "1-0"]
[WhiteElo "2403"]
[BlackElo "1874"]
[PlyCount "70"]
[EventDate "2020.04.11"]
[EventType "swiss (blitz)"]
[EventRounds "11"]
[EventCountry "FRA"]
[SourceTitle "EXT 2021"]
[Source "ChessBase"]
[SourceDate "2020.10.23"]
[SourceVersion "1"]
[SourceVersionDate "2020.10.23"]
[SourceQuality "1"]

1. e4 c5 2. Nf3 e6 3. d4 cxd4 4. Nxd4 Nf6 5. Nc3 Nc6 6. Ndb5 Bb4 7. a3 Bxc3+ 8. Nxc3 d5 9. exd5 exd5 10. Bd3 0-0 11. 0-0 d4 12. Ne2 Bg4 13. Bg5 Qd6 14. Qd2 Rfe8 15. Rfe1 Bxe2 16. Bxe2 Ne4 17. Bf4 Qf6 18. Qc1 Rac8 19. Bg4 Rcd8 20. Bf3 Qg6 21. Qd1 Nc5 22. Rxe8+ Rxe8 23. Bxc6 bxc6 24. Qxd4 Ne6 25. Re1 Qxc2 26. Qd7 Rf8 27. Be5 Qb3 28. Qxa7 Qb5 29. Qe3 Rd8 30. h3 Qd5 31. Bc3 Qf5 32. Qe5 Qg6 33. Kh2 h6 34. Re3 Ng5 35. Rg3 Qd6 1-0

[Event "EU-ch U16 Girls"]
[Site "Bratislava"]
[Date "2019.08.05"]
[Round "4"]
[White "Aubert, Estee"]
[Black "Loskutova, Viktoriya"]
[Result "0-1"]
[WhiteElo "1979"]
[BlackElo "2071"]
[PlyCount "72"]
[EventDate "2019.08.02"]
[EventType "swiss"]
[EventRounds "9"]
[EventCountry "SVK"]
[SourceTitle "CBM 191 Extra"]
[Source "ChessBase"]
[SourceDate "2019.09.30"]
[SourceVersion "1"]
[SourceVersionDate "2019.09.30"]
[SourceQuality "1"]

1. d4 d5 2. Nc3 Nf6 3. Bf4 a6 4. e3 c5 5. dxc5 Nc6 6. Nf3 e6 7. Na4 Nd7 8. Be2 Nxc5 9. Nxc5 Bxc5 10. 0-0 0-0 11. Ne5 f6 12. Nxc6 bxc6 13. c4 e5 14. Bg3 Be6 15. Qa4 Qb6 16. b4 Be7 17. Rfc1 Rfc8 18. a3 a5 19. b5 cxb5 20. cxb5 Bc5 21. Bd3 Bxe3 22. Rc6 Rxc6 23. bxc6 Bd4 24. Rb1 Qc5 25. Rb7 Rc8 26. c7 Kf8 27. Qc2 Qxc2 28. Bxc2 h6 29. Kf1 Bc5 30. Rb5 Bxa3 31. Rxa5 Rxc7 32. Bb3 Bb4 33. Ra8+ Ke7 34. f3 d4 35. Ba4 Rc1+ 36. Kf2 Be1+ 0-1

[Event "EU-ch U16 Girls"]
[Site "Bratislava"]
[Date "2019.08.02"]
[Round "1"]
[White "Simonova, Stela"]
[Black "Aubert, Estee"]
[Result "1-0"]
[WhiteElo "1677"]
[BlackElo "1979"]
[PlyCount "73"]
[EventDate "2019.08.02"]
[EventType "swiss"]
[EventRounds "9"]
[EventCountry "SVK"]
[SourceTitle "CBM 191 Extra"]
[Source "ChessBase"]
[SourceDate "2019.09.30"]
[SourceVersion "1"]
[SourceVersionDate "2019.09.30"]
[SourceQuality "1"]

1. e4 c5 2. Nf3 e6 3. d4 cxd4 4. Nxd4 Nf6 5. Nc3 Nc6 6. Ndb5 Bb4 7. a3 Bxc3+ 8. Nxc3 d5 9. Bd3 d4 10. Ne2 e5 11. 0-0 0-0 12. h3 Nd7 13. Ng3 Re8 14. f4 exf4 15. Bxf4 Nde5 16. Qh5 Ng6 17. Bg5 Qb6 18. Nf5 Re5 19. Nxg7 Rxg5 20. Qxg5 Qd8 21. Qxd8+ Nxd8 22. Nh5 Ne5 23. Nf6+ Kg7 24. Rf2 Be6 25. Raf1 Ndc6 26. Nh5+ Kg8 27. Rf6 Ne7 28. Rh6 Nd7 29. e5 Ng6 30. Nf6+ Nxf6 31. exf6 Rc8 32. h4 Rc5 33. Rf3 Kh8 34. h5 Nf8 35. Rg3 Bc4 36. Bxh7 Nxh7 37. Rg7 1-0

[Event "Avoine op 34th"]
[Site "Avoine"]
[Date "2019.07.20"]
[Round "3"]
[White "Aubert, Estee"]
[Black "Baillon, Olivier"]
[Result "1-0"]
[WhiteElo "1978"]
[BlackElo "2279"]
[PlyCount "85"]
[EventDate "2019.07.20"]
[EventType "swiss"]
[EventRounds "9"]
[EventCountry "FRA"]
[SourceTitle "EXT 2020"]
[Source "ChessBase"]
[SourceDate "2019.10.17"]
[SourceVersion "1"]
[SourceVersionDate "2019.10.17"]
[SourceQuality "1"]

1. d4 g6 2. e4 Bg7 3. Nc3 c6 4. Bf4 Qb6 5. Na4 Qxd4 6. Qxd4 Bxd4 7. Nf3 Bg7 8. e5 f6 9. 0-0-0 fxe5 10. Bxe5 Nf6 11. Bd3 d6 12. Bg3 Bg4 13. Rhe1 Bxf3 14. gxf3 Kf7 15. Nc3 Bh6+ 16. Kb1 Nbd7 17. Bf1 a5 18. Bh3 Nc5 19. Ne4 Nfxe4 20. fxe4 Ne6 21. c4 Nf4 22. Bg4 Rad8 23. e5 d5 24. cxd5 cxd5 25. e6+ Kg7 26. Re5 Kf6 27. Re3 Rhf8 28. Rd4 g5 29. h4 Kg6 30. Rb3 gxh4 31. Bxh4 Bg5 32. Bxg5 Kxg5 33. Rg3 Rf6 34. Bh3+ Kh6 35. Bg2 Rd6 36. Bf3 Rdxe6 37. Rd1 Rg6 38. Bxd5 Rb6 39. Be4 Rge6 40. Rh1+ Nh5 41. Bxh7 Re2 42. Bc2 Rxf2 43. Rg8 1-0

[Event "FRA-ch U16 Girls"]
[Site "Hyeres"]
[Date "2019.04.20"]
[Round "8"]
[White "Djidjeli, Sarah"]
[Black "Aubert, Estee"]
[Result "0-1"]
[WhiteElo "2041"]
[BlackElo "1839"]
[PlyCount "146"]
[EventDate "2019.04.14"]
[EventType "swiss"]
[EventRounds "9"]
[EventCountry "FRA"]
[SourceTitle "CBM 190 Extra"]
[Source "ChessBase"]
[SourceDate "2019.07.15"]
[SourceVersion "1"]
[SourceVersionDate "2019.07.15"]
[SourceQuality "1"]

1. e4 c5 2. Nf3 a6 3. Be2 Nc6 4. 0-0 Nf6 5. d3 g6 6. a4 Bg7 7. Na3 d5 8. exd5 Nxd5 9. Nc4 b6 10. Re1 0-0 11. Bf1 Qc7 12. g3 Bb7 13. Bg2 Rad8 14. Qe2 Ndb4 15. Bf4 e5 16. Bg5 f6 17. Be3 Rfe8 18. Rad1 Nd4 19. Bxd4 cxd4 20. Qd2 Bf8 21. Nh4 Bxg2 22. Nxg2 Nd5 23. Qe2 Bb4 24. Rf1 b5 25. axb5 axb5 26. Na3 Bxa3 27. bxa3 Nc3 28. Qd2 Nxd1 29. Rxd1 Qc5 30. Qh6 Rc8 31. Rd2 Qxa3 32. Re2 Rc3 33. Qh4 Kg7 34. Qg4 Re7 35. Nh4 Qc1+ 36. Kg2 Kf7 37. Qe4 Qb2 38. Qd5+ Kg7 39. Nf3 Rcc7 40. Ne1 Qb4 41. Qf3 Qc3 42. Qg4 Ra7 43. Nf3 Qc6 44. h4 h5 45. Qh3 f5 46. Qh1 Qd5 47. Qe1 Kf6 48. Qd2 Kg7 49. Qe1 e4 50. dxe4 fxe4 51. Kh2 e3 52. Ng5 Qe5 53. fxe3 dxe3 54. Nf3 Qc5 55. Ng5 Rad7 56. Qa1+ Qe5 57. Qe1 Rd2 58. Nf3 Rxe2+ 59. Qxe2 Qc5 60. Kg2 Rc7 61. Ne1 Qc3 62. Qxb5 Qd2+ 63. Kh3 Rf7 64. Qe5+ Kh7 65. Qe6 Qf2 66. Ng2 e2 67. c4 Qf5+ 68. Qxf5 Rxf5 69. g4 Rf1 70. gxh5 gxh5 71. Kg3 e1Q+ 72. Nxe1 Rxe1 73. Kf4 Kg6 0-1

[Event "Wch U16 Girls"]
[Site "Porto Carras"]
[Date "2018.10.21"]
[Round "2"]
[White "Ortega Beltran, Ximena"]
[Black "Aubert, Estee"]
[Result "1-0"]
[WhiteElo "1628"]
[BlackElo "2064"]
[PlyCount "55"]
[EventDate "2018.10.20"]
[EventType "swiss"]
[EventRounds "11"]
[EventCountry "GRE"]
[SourceTitle "CBM 187 Extra"]
[Source "ChessBase"]
[SourceDate "2018.11.04"]
[SourceVersion "1"]
[SourceVersionDate "2018.11.04"]
[SourceQuality "1"]

1. c4 e5 2. g3 Nc6 3. Bg2 g6 4. Nc3 Bg7 5. Nf3 d6 6. Rb1 Be6 7. d3 Nf6 8. 0-0 0-0 9. b4 Qc8 10. b5 Nd8 11. Re1 h6 12. a4 Bh3 13. Bh1 Ng4 14. d4 Ne6 15. dxe5 dxe5 16. Nd5 Kh7 17. Bb2 f5 18. Qc2 Qe8 19. e3 Qf7 20. Nh4 g5 21. Nxf5 Nxf2 22. Nxg7+ Kg8 23. Nxe6 Bxe6 24. Ne7+ Qxe7 25. Qg6+ Qg7 26. Qxe6+ Qf7 27. Qxf7+ Rxf7 28. Bd5 1-0

[Event "EU-ch U16 Girls 28th"]
[Site "Riga"]
[Date "2018.08.29"]
[Round "9"]
[White "Bucur, Denisa Andreea"]
[Black "Aubert, Estee"]
[Result "0-1"]
[WhiteElo "2077"]
[BlackElo "1934"]
[PlyCount "86"]
[EventDate "2018.08.20"]
[EventType "swiss"]
[EventRounds "9"]
[EventCountry "LAT"]
[SourceTitle "CBM 186 Extra"]
[Source "ChessBase"]
[SourceDate "2018.08.24"]
[SourceVersion "1"]
[SourceVersionDate "2018.08.24"]
[SourceQuality "1"]

1. d4 Nf6 2. Nf3 g6 3. c4 Bg7 4. g3 c5 5. Bg2 Qa5+ 6. Bd2 Qb6 7. dxc5 Qxc5 8. Qb3 Ne4 9. Be3 Qa5+ 10. Nbd2 Nc6 11. 0-0 Nc5 12. Qc2 d6 13. Nb3 Nxb3 14. axb3 Bf5 15. Qc1 Qc7 16. Qd2 0-0 17. Nd4 Nxd4 18. Bxd4 Bxd4 19. Qxd4 a5 20. Ra3 Rac8 21. Rc1 b6 22. b4 axb4 23. Rb3 Qc5 24. Qd2 b5 25. Rxb4 bxc4 26. Rbxc4 Qxc4 27. Rxc4 Rxc4 28. Qe3 Rb8 29. b3 Rc2 30. Be4 Bxe4 31. Qxe4 Rc7 32. b4 Rcb7 33. h4 h5 34. Kg2 e6 35. Qd4 d5 36. Qf6 Rxb4 37. Qe5 Rc8 38. Qd6 Rb2 39. g4 Rxe2 40. gxh5 Rcc2 41. Qd8+ Kh7 42. h6 Rxf2+ 43. Kg3 Rg2+ 0-1

[Event "EU-ch U16 Girls 28th"]
[Site "Riga"]
[Date "2018.08.26"]
[Round "6"]
[White "Aubert, Estee"]
[Black "Srdanovic, Jovana"]
[Result "1-0"]
[WhiteElo "1934"]
[BlackElo "2128"]
[PlyCount "75"]
[EventDate "2018.08.20"]
[EventType "swiss"]
[EventRounds "9"]
[EventCountry "LAT"]
[SourceTitle "CBM 186 Extra"]
[Source "ChessBase"]
[SourceDate "2018.08.24"]
[SourceVersion "1"]
[SourceVersionDate "2018.08.24"]
[SourceQuality "1"]

1. Nf3 d5 2. e3 Nf6 3. c4 c6 4. Nc3 e6 5. b3 Nbd7 6. Bb2 Bd6 7. Qc2 Qe7 8. Rg1 h5 9. h3 h4 10. Ne2 e5 11. g4 hxg3 12. Nxg3 g6 13. a3 e4 14. Nd4 Ne5 15. Rh1 a6 16. b4 Bd7 17. c5 Bc7 18. Qc3 Nh5 19. Nxh5 Rxh5 20. Kd1 Ng4 21. Kc2 Nxf2 22. Be2 Rh4 23. Rhf1 Nxh3 24. Nb3 f5 25. Rh1 0-0-0 26. a4 f4 27. b5 Bf5 28. bxa6 bxa6 29. Nd4 Kd7 30. Bxa6 Rb8 31. Ba3 fxe3 32. Nxc6 Qf7 33. Nxb8+ Bxb8 34. Bb5+ Kc8 35. dxe3 Rg4 36. Ba6+ Kd7 37. c6+ Ke6 38. Bc8+ 1-0

[Event "EU-ch U16 Girls 28th"]
[Site "Riga"]
[Date "2018.08.24"]
[Round "5"]
[White "Aubert, Estee"]
[Black "Grigorieva, Yulia"]
[Result "1/2-1/2"]
[WhiteElo "1934"]
[BlackElo "1992"]
[PlyCount "65"]
[EventDate "2018.08.20"]
[EventType "swiss"]
[EventRounds "9"]
[EventCountry "LAT"]
[SourceTitle "CBM 186 Extra"]
[Source "ChessBase"]
[SourceDate "2018.08.24"]
[SourceVersion "1"]
[SourceVersionDate "2018.08.24"]
[SourceQuality "1"]

1. d4 Nf6 2. Nf3 g6 3. c4 Bg7 4. g3 d5 5. cxd5 0-0 6. Bg2 Nxd5 7. Nc3 Nb6 8. 0-0 Nc6 9. e3 Re8 10. Nh4 e5 11. d5 Nb4 12. Qb3 a5 13. e4 Qe7 14. a4 Nd7 15. Be3 Nf6 16. Nb5 Na6 17. Rac1 Rd8 18. Qc4 Ne8 19. b3 Bd7 20. Rfd1 Bxb5 21. axb5 Nd6 22. Qa4 Nb4 23. Bc5 Qd7 24. Bxb4 axb4 25. Qxb4 Bh6 26. Rc2 Nxb5 27. Bh3 Qe8 28. Bf1 c6 29. Bxb5 cxb5 30. Rc7 Rd7 31. d6 Rad8 32. Qxb5 Bf8 33. Qxb7 1/2-1/2

[Event "FRA-ch U16 "]
[Site "Agen"]
[Date "2018.04.19"]
[Round "6"]
[White "Grall, Alba"]
[Black "Aubert, Estee"]
[Result "1-0"]
[WhiteElo "1855"]
[BlackElo "1892"]
[PlyCount "129"]
[EventDate "2018.04.15"]
[EventType "swiss"]
[EventRounds "9"]
[EventCountry "FRA"]
[SourceTitle "EXT 2019"]
[Source "ChessBase"]
[SourceDate "2018.10.10"]
[SourceVersion "1"]
[SourceVersionDate "2018.10.10"]
[SourceQuality "1"]

1. e4 e6 2. d4 d5 3. Bd3 dxe4 4. Bxe4 c5 5. Ne2 Nf6 6. Bf3 Nc6 7. Be3 e5 8. Bxc6+ bxc6 9. dxe5 Qxd1+ 10. Kxd1 Ng4 11. Nd2 Ba6 12. Nf3 0-0-0+ 13. Ke1 Nxe3 14. fxe3 g6 15. Nc3 Bh6 16. Kf2 g5 17. h3 Kc7 18. Rad1 Bg7 19. Ne4 h6 20. Nxc5 Bc8 21. Rxd8 Rxd8 22. Ke2 Rd5 23. Nd3 Ra5 24. a3 c5 25. Rf1 Be6 26. Rd1 c4 27. Nf2 c3 28. b3 Rc5 29. a4 Bf5 30. e4 Be6 31. Nd3 Ra5 32. Ke3 Bc8 33. Kd4 Bb7 34. Re1 f6 35. Kxc3 fxe5 36. Kd2 Kd6 37. Ke3 Ke7 38. Nd2 Ba6 39. Nb2 Rc5 40. Nbc4 Ke6 41. Rf1 Rc7 42. g4 Rc8 43. Ke2 Rd8 44. Rf3 Bf8 45. Rd3 Rd4 46. Rxd4 exd4 47. Kd3 Bc5 48. Nf3 Bb6 49. Nxd4+ Kf6 50. e5+ Kg6 51. Ke3 Bc5 52. c3 Bf8 53. Nc6 Bc5+ 54. Ke4 Kf7 55. Kd5 Bf8 56. e6+ Kf6 57. Nd2 Bd3 58. Nxa7 Bc2 59. Nc6 Bd3 60. a5 Ba3 61. Kd4 Ba6 62. Kd5 Bd3 63. c4 Bf8 64. a6 Be2 65. a7 1-0

[Event "EU-ch U14 Girls 27th"]
[Site "Mamaia"]
[Date "2017.09.13"]
[Round "8"]
[White "Aubert, Estee"]
[Black "Beydullayeva, Govhar"]
[Result "0-1"]
[WhiteElo "1800"]
[BlackElo "2164"]
[PlyCount "102"]
[EventDate "2017.09.05"]
[EventType "swiss"]
[EventRounds "9"]
[EventCountry "ROU"]
[SourceTitle "CBM 180 Extra"]
[Source "ChessBase"]
[SourceDate "2017.10.06"]
[SourceVersion "1"]
[SourceVersionDate "2017.10.06"]
[SourceQuality "1"]

1. d4 e6 2. Bf4 Nf6 3. e3 b6 4. Nf3 Bb7 5. Bd3 c5 6. c3 cxd4 7. exd4 d6 8. 0-0 Be7 9. h3 0-0 10. Re1 Nbd7 11. Bh2 Re8 12. Nbd2 Qc7 13. Qc2 Nf8 14. Ng5 Ng6 15. Nge4 Nd5 16. Be2 f5 17. Ng3 Ndf4 18. Nf3 Nxg2 19. Kxg2 Nh4+ 20. Kg1 Bxf3 21. Bf1 Bb7 22. Be2 Qc6 23. f3 Nxf3+ 24. Bxf3 Qxf3 25. Qe2 Qxe2 26. Rxe2 Bd5 27. Nf1 Rad8 28. Nd2 Bf6 29. Rae1 Kf7 30. Bg3 g5 31. Bf2 e5 32. c4 Bb7 33. d5 h5 34. Bg3 e4 35. Rf1 Bc8 36. Be1 f4 37. Rxe4 Bxh3 38. Rf3 Bf5 39. Rxe8 Rxe8 40. Bf2 Re2 41. Nb3 Be4 42. Rh3 Rxb2 43. Rxh5 Rb1+ 44. Be1 Rxe1+ 45. Kf2 Rb1 46. Ke2 Rb2+ 47. Ke1 Bc3+ 48. Kd1 Bf3+ 49. Kc1 Bxh5 50. c5 Bg6 51. c6 Rb1# 0-1

[Event "EU-ch U14 Girls 27th"]
[Site "Mamaia"]
[Date "2017.09.11"]
[Round "6"]
[White "Aubert, Estee"]
[Black "Mkrtchyan, Mariam"]
[Result "1-0"]
[WhiteElo "1800"]
[BlackElo "1794"]
[PlyCount "151"]
[EventDate "2017.09.05"]
[EventType "swiss"]
[EventRounds "9"]
[EventCountry "ROU"]
[SourceTitle "CBM 180 Extra"]
[Source "ChessBase"]
[SourceDate "2017.10.06"]
[SourceVersion "1"]
[SourceVersionDate "2017.10.06"]
[SourceQuality "1"]

1. d4 Nf6 2. Bf4 e6 3. e3 b6 4. Nf3 Bb7 5. Bd3 c5 6. c3 Be7 7. h3 Nc6 8. Nbd2 d6 9. Qe2 a6 10. 0-0 0-0 11. e4 cxd4 12. cxd4 Nb4 13. Bb1 a5 14. Rc1 Ba6 15. Qe3 Rc8 16. Rxc8 Qxc8 17. a3 Nbd5 18. exd5 Nxd5 19. Qb3 Nxf4 20. Qxb6 a4 21. Kh2 f5 22. Ba2 g5 23. Re1 g4 24. g3 gxf3 25. gxf4 Rf6 26. Nxf3 h6 27. Nh4 Bc4 28. Rg1+ Kh7 29. Qa7 Rf7 30. Bxc4 Qxc4 31. Qa8 Rg7 32. Rxg7+ Kxg7 33. Qg2+ Kf7 34. Qg6+ Kf8 35. Qxh6+ Ke8 36. Qh8+ Kd7 37. Qg7 Qf1 38. Kg3 Kd8 39. Qh8+ Kd7 40. Nf3 Qc1 41. Qb8 Qc4 42. h4 Bf6 43. Qb7+ Ke8 44. Qb6 Ke7 45. h5 e5 46. Qb7+ Ke6 47. Qb8 exf4+ 48. Kg2 Ke7 49. Qa7+ Kf8 50. Qb8+ Ke7 51. h6 Qf7 52. Qc7+ Ke8 53. Qc8+ Bd8 54. Nh4 Qg8+ 55. Kh2 Qg4 56. Qe6+ Be7 57. Qg6+ Kd7 58. Qxf5+ Qxf5 59. Nxf5 Bf6 60. Kh3 Ke6 61. Kg4 f3 62. h7 d5 63. Kf4 Kf7 64. Ke3 Kg6 65. Nd6 Kxh7 66. Nb5 Bg5+ 67. Kxf3 Bc1 68. Ke2 Bxb2 69. Kd2 Kg6 70. Kc2 Ba1 71. Kb1 Bxd4 72. Nxd4 Kg5 73. Kc2 Kf4 74. Kd3 Ke5 75. Ne2 Kd6 76. Nc3 1-0

[Event "EU-ch U14 Girls 27th"]
[Site "Mamaia"]
[Date "2017.09.08"]
[Round "4"]
[White "Moerwald, Magdalena"]
[Black "Aubert, Estee"]
[Result "0-1"]
[WhiteElo "1849"]
[BlackElo "1800"]
[PlyCount "64"]
[EventDate "2017.09.05"]
[EventType "swiss"]
[EventRounds "9"]
[EventCountry "ROU"]
[SourceTitle "CBM 180 Extra"]
[Source "ChessBase"]
[SourceDate "2017.10.06"]
[SourceVersion "1"]
[SourceVersionDate "2017.10.06"]
[SourceQuality "1"]

1. e4 c5 2. Nc3 Nc6 3. f4 g6 4. Nf3 Bg7 5. Bb5 Nd4 6. 0-0 a6 7. Be2 e6 8. d3 Ne7 9. Nxd4 cxd4 10. Nb1 d5 11. Nd2 Qb6 12. Kh1 Qc6 13. Bf3 0-0 14. Re1 Re8 15. Nb3 a5 16. a4 b5 17. axb5 Qxb5 18. Nd2 Bb7 19. b3 Nc6 20. exd5 exd5 21. Bb2 Nb4 22. Rxe8+ Rxe8 23. Ba3 Bf8 24. Bb2 Qc5 25. Nc4 dxc4 26. Bxb7 cxd3 27. cxd3 Re3 28. Ba3 Qb5 29. Bf3 Nxd3 30. Kg1 Re1+ 31. Qxe1 Nxe1 32. Bxf8 Nxf3+ 0-1

[Event "EU-ch U14 Girls 27th"]
[Site "Mamaia"]
[Date "2017.09.07"]
[Round "3"]
[White "Aubert, Estee"]
[Black "Bitkova, Jelizaveta"]
[Result "1-0"]
[WhiteElo "1800"]
[BlackElo "1512"]
[PlyCount "59"]
[EventDate "2017.09.05"]
[EventType "swiss"]
[EventRounds "9"]
[EventCountry "ROU"]
[SourceTitle "CBM 180 Extra"]
[Source "ChessBase"]
[SourceDate "2017.10.06"]
[SourceVersion "1"]
[SourceVersionDate "2017.10.06"]
[SourceQuality "1"]

1. d4 d5 2. Bf4 Nf6 3. e3 e6 4. Nf3 Nbd7 5. Nbd2 c6 6. Bd3 Be7 7. 0-0 0-0 8. Ne5 c5 9. c3 c4 10. Bc2 Bd6 11. Nxf7 Rxf7 12. Bxd6 Qb6 13. Ba3 Qc7 14. Nf3 Nf8 15. Ng5 Re7 16. Bxe7 Qxe7 17. Qf3 e5 18. Qg3 e4 19. Qe5 Qxe5 20. dxe5 Ng4 21. Rad1 Ne6 22. Nh3 Nc7 23. Nf4 Nxe5 24. Nxd5 Nxd5 25. Rxd5 Nd3 26. Rd8+ Kf7 27. f3 exf3 28. Rxf3+ Ke7 29. Rff8 Ne5 30. Rxc8 1-0